| 000 | 00720nam a22002057a 4500 | ||
|---|---|---|---|
| 999 |
_c188423 _d188423 |
||
| 005 | 20220523110322.0 | ||
| 010 | _aENG-132763 | ||
| 020 |
_a9788131240540 _c700.00 |
||
| 035 | _aEN-116295 | ||
| 037 | _bDBAD/PUB | ||
| 082 | _2615.3 | ||
| 245 |
_aProbiotics, Microbiome and gut Function: _bTransforming Health and Well-Being/ _cEdited by B.S. Ramakrishna, G. Balakrish Nair and Yoshifumi Takeda |
||
| 260 |
_aNew Delhi _bReed Elsevier India Private Limited _c2015 |
||
| 270 |
_a305, Rohit House, 3 Tolstoy Marg _bNew Delhi _e110001 |
||
| 300 |
_aiv, 114p. _c24cm(hbk) |
||
| 700 | _aRamakrishna, B.S. | ||
| 700 | _aNair, G. Balakrish | ||
| 700 | _aTakeda, Yoshifumi | ||
| 942 |
_2ddc _cEN _h615.3 _mPRO |
||